000 00523 a2200157 4500
020 _a0395251079 (hardcover)
020 _a9780395251072 (hardcover)
090 _c5340
_d5340
100 1 _aLynn, Robert A.
245 1 0 _aElements of business /
_cRobert A. Lynn, James P. O'Grady.
260 _a[S.l.] :
_bHoughton Mifflin Harcourt (HMH),
_c1978.
300 _a480 p.
700 1 _aO'Grady, James P.
856 4 0 _3Amazon.com
_uhttp://www.amazon.com/exec/obidos/ASIN/0395251079/chopaconline-20
942 _aNBS
_cBK
_k658.4 LYN
999 _c347752
_d347752